PHP 4: A beginer's guide

Shranjeno v:
Bibliografske podrobnosti
Glavni avtor: Bill McCarty
Format: Knjiga
Jezik:Undetermined
Izdano: New York McGraw-Hill 2001
Teme:
Oznake: Označite
Brez oznak, prvi označite!
Thư viện lưu trữ: Trung tâm Học liệu Trường Đại học Cần Thơ
LEADER 00535nam a2200193Ia 4500
001 CTU_52159
008 210402s9999 xx 000 0 und d
020 |b 403000 
020 |c 29.99 
082 |a 005.1 
082 |b M123 
100 |a Bill McCarty 
245 0 |a PHP 4: A beginer's guide 
245 0 |c Bill McCarty 
260 |a New York 
260 |b McGraw-Hill 
260 |c 2001 
650 |a programming languages ( electronic computers ),electronic data processing 
980 |a Trung tâm Học liệu Trường Đại học Cần Thơ